| 000 -LEADER |
| fixed length control field |
01831cam a2200313 i 4500 |
| 003 - CONTROL NUMBER IDENTIFIER |
| control field |
OSt |
| 005 - DATE AND TIME OF LATEST TRANSACTION |
| control field |
20230321141841.0 |
| 008 - FIXED-LENGTH DATA ELEMENTS--GENERAL INFORMATION |
| fixed length control field |
141210s2015 enkab b 001 0 eng d |
| 010 ## - LIBRARY OF CONGRESS CONTROL NUMBER |
| LC control number |
2014959022 |
| 020 ## - INTERNATIONAL STANDARD BOOK NUMBER |
| International Standard Book Number |
9780198748618 |
| 042 ## - AUTHENTICATION CODE |
| Authentication code |
lccopycat |
| 050 00 - LIBRARY OF CONGRESS CALL NUMBER |
| Classification number |
G70.212 |
| Item number |
.B87 2015 |
| 082 04 - DEWEY DECIMAL CLASSIFICATION NUMBER |
| Classification number |
910.285 |
| Edition number |
23 |
| 100 1# - MAIN ENTRY--PERSONAL NAME |
| Personal name |
Burrough, P. A., |
| Relator term |
author. |
| 245 10 - TITLE STATEMENT |
| Title |
Principles of geographical information systems / |
| Statement of responsibility, etc |
Peter A. Burrough, Rachael A. McDonnell and Christopher D. Lloyd. |
| 250 ## - EDITION STATEMENT |
| Edition statement |
Third edition. |
| 300 ## - PHYSICAL DESCRIPTION |
| Extent |
xv, 330 pages : |
| Other physical details |
color illustrations, maps ; |
| Dimensions |
27 cm |
| 504 ## - BIBLIOGRAPHY, ETC. NOTE |
| Bibliography, etc |
Includes bibliographical references and index. |
| 505 0# - FORMATTED CONTENTS NOTE |
| Formatted contents note |
1. Geographical information systems and society -- 2. Special data and their models : formal abstractions of reality -- 3. Geographical data in the computer -- 4. Data input and verification -- 5. Visualization -- 6. Exploring geographical data -- 7. Analysis of discrete entities in space -- 8. Interpolation 1 : deterministic and spline-based approaches -- 9. Interpolation 2 : geostatistical approaches -- 10. Analysis of continuous fields -- 11. Digital elevation models -- 12. Space-time modelling and error propagation -- 13. Fuzzy sets and fuzzy geographical objects -- 14. GIS, transformations, and future developments. |
| 650 #0 - SUBJECT ADDED ENTRY--TOPICAL TERM |
| Topical term or geographic name as entry element |
Geographic information systems. |
| 650 #7 - SUBJECT ADDED ENTRY--TOPICAL TERM |
| Topical term or geographic name as entry element |
Geographic information systems. |
| Source of heading or term |
fast |
| 700 1# - ADDED ENTRY--PERSONAL NAME |
| Personal name |
McDonnell, Rachael, |
| Relator term |
author. |
| 700 1# - ADDED ENTRY--PERSONAL NAME |
| Personal name |
Lloyd, Christopher D., |
| Relator term |
author. |
| 856 42 - ELECTRONIC LOCATION AND ACCESS |
| Materials specified |
Publisher description |
| Uniform Resource Identifier |
<a href="https://www.loc.gov/catdir/enhancements/fy1613/2014959022-d.html">https://www.loc.gov/catdir/enhancements/fy1613/2014959022-d.html</a> |
| 856 41 - ELECTRONIC LOCATION AND ACCESS |
| Materials specified |
Table of contents only |
| Uniform Resource Identifier |
<a href="https://www.loc.gov/catdir/enhancements/fy1613/2014959022-t.html">https://www.loc.gov/catdir/enhancements/fy1613/2014959022-t.html</a> |
| 906 ## - LOCAL DATA ELEMENT F, LDF (RLIN) |
| a |
7 |
| b |
cbc |
| c |
copycat |
| d |
2 |
| e |
ncip |
| f |
20 |
| g |
y-gencatlg |
| 942 ## - ADDED ENTRY ELEMENTS (KOHA) |
| Source of classification or shelving scheme |
|
| 955 ## - COPY-LEVEL INFORMATION (RLIN) |
| Book number/undivided call number, CCAL (RLIN) |
re24 2016-03-23 z-processor |
| Copy status, CST (RLIN) |
re12 2016-04-01 to BCCD |